000 01909nam a2200241 i 4500
001 159883
003 ES-MaACL
005 20250918063040.0
008 931025s1799 fr |||| | fre d
040 _aCAM
_bspa
_cPAB
100 1 _aMolière,
_d1622-1673
_981873
245 1 0 _aOeuvres de J. B. Poquelin de Molière. Tome premier [-huitième].
250 _aEdition Stéréotype.
260 _aA Paris :
_bDe l'Imprimerie de P. Didot l'Ainé, au palais national des Sciences et Arts,
_cAn VII [1799]
300 _a8 vol. (274-[1], 276, 287-[1], 261-[3] ; 274-[1], 264, 302-[1], 269-[1] p.) ;
_c8º.
505 8 _aContiene: Tome premier, Vie de Molière par Voltaire ; L'Etourdi ; Le Dépit amoureux ; Les Précieuses ridicules ; Sganarelle. -- Tome deuxième, Don Garcie de Navarre, ou Le Prince jaloux ; L'Ecole des Maris ; Les Facheux ; L'Ecole des femmes. -- Tome troisième, La Critique de l'Ecole des femmes ; L'In-promptu de Versailles ; La Princesse d'Elide ; Le Mariage forcé ; Don Juan ou Le Festin de Pierre. -- Tome quatrième, L'Amour medecin ; Le Misanthrope ; Le Medecin malgré lui ; Mélicerte ; Pastorale comique ; Le Sicilien ou L'Amour peintre. -- Tome cinquième, Le Tartuffe ; Amphitryon ; Georges Dandin, ou Le Mari confondu. - Tome sixième, L'Avare ; Monsieur de Pourceaugnac ; Les Amants magnifiques. -- Tome septième, Le Bourgeois gentilhomme ; Les Fourberies de Scapin ; Psyché. -- Tome huitième, Les Femmes savantes ; La Comtesse d'Escarbagnas ; Le Malade imaginaire ; La Gloire du Val-de-Grace
505 8 _aComprende en el tº 1º "Vie de Molière par Voltaire" (p. [5]-16).
597 _aAntep.
597 _aLas signaturas repiten el número del cuaderno, con 2 y con 4 hojas.
700 0 _aVoltaire,
_d1694-1778
_9115721
852 _aES-MaACL
_jR-625-32
_z-- Enc. pasta española, con hierros dorados
_x Olim: D-3993-4000
999 _c159883
_d159883